Central Library and Information Centre
Sibsagar Girls' College, Sivasagar : Assam

ADVANCED DIFFERENTIAL EQUATIONS (Record no. 21808)

MARC details
000 -LEADER
fixed length control field 00439cam a2200181ua 4500
008 - FIXED-LENGTH DATA ELEMENTS--GENERAL INFORMATION
fixed length control field 160421n2016 II |||gr||||Z||||||eng
040 ## - CATALOGING SOURCE
Original cataloging agency MAIN
041 ## - LANGUAGE CODE
-- English
082 ## - DEWEY DECIMAL CLASSIFICATION NUMBER
Classification number 515.35 RAI
100 ## - MAIN ENTRY--PERSONAL NAME
Personal name RAISINGHANIA, M.D.
245 ## - TITLE STATEMENT
Title ADVANCED DIFFERENTIAL EQUATIONS
250 ## - EDITION STATEMENT
Edition statement REP.
260 ## - PUBLICATION, DISTRIBUTION, ETC.
Place of publication, distribution, etc. NEW DELHI
Name of publisher, distributor, etc. S.CHAND & COMPANY
Date of publication, distribution, etc. 2016
300 ## - PHYSICAL DESCRIPTION
Extent (P-1):
Dimensions 26CN.
942 ## - ADDED ENTRY ELEMENTS (KOHA)
Koha item type Books
653 ## - INDEX TERM--UNCONTROLLED
Uncontrolled term Differential Equations
Holdings
Withdrawn status Lost status Damaged status Not for loan Collection code Home library Current library Shelving location Date acquired Full call number Barcode Date last seen Copy number Price effective from Koha item type Public note
        TBMAT Central Library and Information Centre Sibsagar Girls College Central Library and Information Centre Sibsagar Girls College MATHEMATICS BOOK RACK 22.03.2016 515.35 RAI 33084 27.02.2020 1 27.02.2020 Books V


Sibsagar Girl's College © 2020. All rights reserved.
Powered by Koha.
Maintained by Abhijit Borpuzari.